000 00766nam a22002657a 4500
001 BR9904634
003 BR-BrBNA
005 20240312114108.0
007 ta
008 230509b bl.||||| |||| 00| 0 por d
040 _aBR-BrBNA
_bpor
_cBiblioteca Nacional de Agricultura
041 _a(Por)
072 _aA50
090 _aA50
_bBR9904634
100 1 _aOliveira, Maria Regina Machado de(coord.)
110 1 _aFundacao Estadual de Pesquisa Agropecuaria, Porto Alegre, RS (Brasil)
_94887
245 1 _aCiclos de palestras da FEPAGRO
260 3 _aPorto Alegre, RS (Brasil):
_c1998.
300 _a155 p.
500 _atables; illus.
650 _aPesquisa Agricola
650 _aPesquisa Pecuaria
650 _aDesenvolvimento Agricola
942 _cBK
_2AGRIS
999 _c61197
_d61197